[Event "15th Biel Festival"]
[Site "Biel SUI"]
[Date "1982.07.28"]
[Round "9"]
[White "Wirthensohn, Heinz"]
[Black "Birnboim, Nathan"]
[Result "0-1"]
[WhiteElo "2435"]
[BlackElo "2460"]
[EventDate "1982.07.18"]
[PlyCount "68"]

1.c4 e5 2.Nc3 Nf6 3.Nf3 Nc6 4.d3 d5 5.cxd5 Nxd5 6.g3 Bb4 7.Bd2 O-O 8.Bg2 
Bxc3 9.bxc3 Nf6 10.Qc2 Re8 11.O-O e4 12.dxe4 Nxe4 13.Bf4 Qf6 14.Nd4 Qg6 
15.Rac1 Bd7 16.Rfd1 Rac8 17.Nb3 Bf5 18.f3 Nf2 19.e4 Nxd1 20.exf5 Re1+ 21.
Bf1 Qf6 22.Rxd1 Rxd1 23.Qxd1 Qxc3 24.Qe2 Rd8 25.Bg5 Rb8 26.Bd2 Qc2 27.Qe4 
Qxa2 28.Bc4 Qb2 29.f4 Rd8 30.Bd5 a5 31.Qc4 a4 32.Bxf7+ Kf8 33.Bd5 axb3 34.
Bxc6 Qxd2 0-1

[Event "15th Biel Festival"]
[Site "Biel SUI"]
[Date "1982.07.29"]
[Round "10"]
[White "Birnboim, Nathan"]
[Black "Cuartas Bedoya, Carlos Enrique"]
[Result "1/2-1/2"]
[WhiteElo "2460"]
[BlackElo "2435"]
[EventDate "1982.07.18"]
[PlyCount "87"]

1.d4 d5 2.c4 Nc6 3.Nc3 dxc4 4.Nf3 Nf6 5.Qa4 e6 6.Qxc4 Nb4 7.Qb3 c5 8.e3 
cxd4 9.exd4 Be7 10.Bb5+ Bd7 11.Be2 Bc6 12.O-O O-O 13.Rd1 b6 14.Bg5 Nfd5 
15.Bxe7 Qxe7 16.a3 Nxc3 17.Qxc3 Bxf3 18.Bxf3 Nd5 19.Bxd5 exd5 20.Rac1 h6 
21.g3 Rfe8 22.Rd2 Qd7 23.Rdc2 Qg4 24.Kg2 Rad8 25.Qf3 Qxd4 26.Rc7 Qf6 27.
Rxa7 Qxf3+ 28.Kxf3 d4 29.Rd1 d3 30.Ra4 Rd6 31.Rd2 f5 32.Rb4 Kf7 33.Rb3 
Red8 34.Rc3 Kf6 35.a4 g5 36.b4 g4+ 37.Kg2 h5 38.f3 Rd4 39.fxg4 hxg4 40.
Rc6+ R8d6 41.Rxd6+ Rxd6 42.Kf2 Rd4 43.a5 Rxb4 44.axb6 1/2-1/2

[Event "15th Biel Festival"]
[Site "Biel SUI"]
[Date "1982.07.29"]
[Round "10"]
[White "Mariotti, Sergio"]
[Black "Wirthensohn, Heinz"]
[Result "1/2-1/2"]
[WhiteElo "2455"]
[BlackElo "2435"]
[EventDate "1982.07.18"]
[PlyCount "31"]

1.e4 c5 2.Nf3 e6 3.b3 b6 4.Bb2 Bb7 5.Nc3 Nc6 6.d4 cxd4 7.Nxd4 Nf6 8.Nxc6 
Bxc6 9.Bd3 d6 10.Qe2 Be7 11.O-O-O Nd7 12.f4 O-O 13.Rhe1 Re8 14.g4 Bf8 15.
h4 Nc5 16.g5 1/2-1/2

[Event "15th Biel Festival"]
[Site "Biel SUI"]
[Date "1982.07.29"]
[Round "10"]
[White "Meduna, Eduard"]
[Black "Hort, Vlastimil"]
[Result "1/2-1/2"]
[WhiteElo "2490"]
[BlackElo "2590"]
[EventDate "1982.07.18"]
[PlyCount "27"]

1.d4 Nf6 2.Nf3 e6 3.Bf4 b6 4.e3 Bb7 5.c4 Be7 6.h3 O-O 7.Nc3 d5 8.Be2 dxc4 
9.Bxc4 Nd5 10.Nxd5 exd5 11.Bd3 c5 12.O-O Nc6 13.Ne5 Nxe5 14.Bxe5 1/2-1/2

[Event "15th Biel Festival"]
[Site "Biel SUI"]
[Date "1982.07.29"]
[Round "10"]
[White "Szmetan, Ricardo"]
[Black "Gheorghiu, Florin"]
[Result "0-1"]
[WhiteElo "2305"]
[BlackElo "2550"]
[EventDate "1982.07.18"]
[PlyCount "52"]

1.d4 Nf6 2.Nf3 c5 3.c3 b6 4.Bf4 Bb7 5.e3 e6 6.h3 Be7 7.Be2 O-O 8.O-O d6 9.
a4 Nc6 10.Nbd2 Rc8 11.Nc4 d5 12.Nce5 Na5 13.Bd3 Ne4 14.Ne1 f6 15.Ng4 Bd6 
16.Bxd6 Qxd6 17.f3 Ng3 18.Rf2 e5 19.dxe5 fxe5 20.e4 c4 21.Bc2 h5 22.Ne3 d4
23.b4 cxb3 24.Bxb3+ Kh8 25.Ba2 dxe3 26.Qxd6 exf2+ 0-1

[Event "15th Biel Festival"]
[Site "Biel SUI"]
[Date "1982.07.29"]
[Round "10"]
[White "Toth, Bela"]
[Black "Lobron, Eric"]
[Result "1-0"]
[WhiteElo "2405"]
[BlackElo "2440"]
[EventDate "1982.07.18"]
[PlyCount "131"]

1.d4 Nf6 2.c4 e6 3.Nf3 c5 4.d5 exd5 5.cxd5 d6 6.Nc3 g6 7.Nd2 Nbd7 8.e4 Bg7
9.Nc4 Nb6 10.Ne3 O-O 11.Bd3 Nh5 12.O-O Qh4 13.g3 Qe7 14.Re1 Bd7 15.Nf5 
Bxf5 16.exf5 Be5 17.Bf4 c4 18.Bc2 Rfe8 19.Qf3 a6 20.Bxe5 dxe5 21.d6 Qxd6 
22.Qxb7 Nf6 23.Rad1 Qc5 24.Qf3 Qe7 25.Qc6 Rab8 26.Qd6 Qxd6 27.Rxd6 Kg7 28.
fxg6 hxg6 29.Rc6 Nfd7 30.Rd1 Nf8 31.Na4 Re6 32.Rxb6 Rexb6 33.Nxb6 Rxb6 34.
b3 Ne6 35.bxc4 Rb2 36.Bb3 Nd4 37.Rd3 Kf6 38.Kg2 Ke7 39.c5 f5 40.h4 a5 41.
Rc3 Nxb3 42.c6 Kd8 43.c7+ Kc8 44.axb3 e4 45.Kf1 Rb1+ 46.Ke2 Rb2+ 47.Ke3 
Ra2 48.Rc6 Ra3 49.Rxg6 a4 50.Kf4 Kxc7 51.bxa4 Rf3+ 52.Kg5 Rxf2 53.h5 Kd7 
54.h6 Rh2 55.Kxf5 e3 56.Rg4 Rh3 57.Rd4+ Kc6 58.g4 Rxh6 59.Re4 Rh8 60.g5 
Rh3 61.Kg4 Kd5 62.Re8 Rh1 63.Rxe3 Ra1 64.g6 Rxa4+ 65.Kf5 Ra1 66.Rd3+ 1-0

[Event "15th Biel Festival"]
[Site "Biel SUI"]
[Date "1982.07.30"]
[Round "11"]
[White "Gheorghiu, Florin"]
[Black "Meduna, Eduard"]
[Result "1/2-1/2"]
[WhiteElo "2550"]
[BlackElo "2490"]
[EventDate "1982.07.18"]
[PlyCount "29"]

1.d4 d5 2.c4 c6 3.cxd5 cxd5 4.Nc3 Nf6 5.Nf3 Nc6 6.Bf4 Bf5 7.e3 e6 8.Ne5 
Nxe5 9.Bxe5 a6 10.Bd3 Bxd3 11.Qxd3 Nd7 12.Bg3 Be7 13.O-O O-O 14.Rac1 Qa5 
15.a3 1/2-1/2

[Event "15th Biel Festival"]
[Site "Biel SUI"]
[Date "1982.07.30"]
[Round "11"]
[White "Wirthensohn, Heinz"]
[Black "Szmetan, Ricardo"]
[Result "1/2-1/2"]
[WhiteElo "2435"]
[BlackElo "2305"]
[EventDate "1982.07.18"]
[PlyCount "47"]

1.c4 c5 2.Nf3 Nf6 3.Nc3 e6 4.e3 d5 5.cxd5 Nxd5 6.d4 cxd4 7.exd4 Be7 8.Bd3 
Nc6 9.O-O O-O 10.a3 Bf6 11.Be4 Nce7 12.Qd3 g6 13.Bh6 Bg7 14.Bxg7 Kxg7 15.
Ne5 b6 16.Qd2 Bb7 17.a4 Rc8 18.a5 bxa5 19.Nxd5 Bxd5 20.Bxd5 Nxd5 21.Rxa5 
Rc2 22.Qxc2 Qxa5 23.h3 Qb4 24.Nf3 1/2-1/2